| 000 | 00824nam a2200265Ia 4500 | ||
|---|---|---|---|
| 003 | OSt | ||
| 005 | 20220918174522.0 | ||
| 006 | a|||||r|||| 00| 0 | ||
| 007 | ta | ||
| 008 | 220917b |||||||| |||| 00| 0 eng d | ||
| 024 | _a12,673 | ||
| 037 | _cTextual | ||
| 040 |
_aARTS _cARTS _beng |
||
| 041 |
_2eng _aeng |
||
| 082 | _a/\41:3x1:1, K2 | ||
| 100 |
_aWoodward F L tr. _950817 |
||
| 245 | 0 | _aManual of a mystic being a translation from the Pali and Sinhalese work entitled the Yogavachara's manual ed by Rhys Davids | |
| 260 |
_aLondon _bMessrs Luzac _c1962 |
||
| 300 |
_axxi,159p. _ccm. |
||
| 490 | _aPali Text Society, translation series; 6 | ||
| 500 | _aPali Text Society | ||
| 650 | _aSPIRITUALISM | ||
| 942 |
_h/\41:3x1:1, K2 _cTEXL _2CC |
||
| 999 |
_c153535 _d153535 |
||